Ranker's Top 30 Sexiest Marvel Supervillainesses - Statistics

General Stats
  • This quiz has been taken 181 times
  • The average score is 8 of 30
Answer Stats
Answer % Correct
Raven Darkhölme/Mystique
76%
Emma Frost/White Queen
64%
Amora/Enchantress
60%
Felicia Hardy/Black Cat
59%
Jean Grey/Dark Phoenix
54%
Wanda Maximoff/Scarlet Witch
53%
Nebula
52%
Yelena Belova/Black Widow
45%
Ophelia Sarkissian/Viper
44%
Elektra Natchios
40%
Yuriko Oyama/Lady Deathstrike
38%
Silver Sablinova/Silver Sable
22%
Karla Sofen/Moonstone
20%
Lorna Dane/Polaris
20%
Mary Walker/Typhoid Mary
18%
Cal'syee Neramani/Deathbird
16%
Madelyne Pryor/Red Queen
14%
Queen Medusalith Amalequin of Attilan/Medusa
14%
Selene Gallio/Black Queen
13%
Callisto
12%
Lorelei
10%
Sinthea 'Sin' Schmidt
10%
Tanya Sealy/Black Mamba
9%
Deirdre Wentworth/Superia
8%
Regan Wyngarde/Lady Mastermind
8%
Zelda DuBois/Princess Python
8%
Carolyn Trainer/Lady Octopus
6%
Chimera
5%
Delilah
4%
Calypso Ezili
0%
No matching quizzes found
Score Distribution
Percent of People with Each Score
Percentile by Number Answered
Your Score History
You have not taken this quiz